书目信息 |
| 题名: |
优质生活
|
|
| 作者: | 张晓菲 编著 | |
| 分册: | ||
| 出版信息: | 北京 中国华侨出版社 2007.10 |
|
| 页数: | 223页 | |
| 开本: | 24cm | |
| 丛书名: | ||
| 单 册: | ||
| 中图分类: | B821 | |
| 科图分类: | ||
| 主题词: | 人生观 | |
| 电子资源: | ||
| ISBN: | 978-7-80222-434-6 | |
| 000 | 00577nam0 2200217 45 | |
| 001 | 0940462052 | |
| 005 | 20091017111624.88 | |
| 010 | @a978-7-80222-434-6@dCNY29.80 | |
| 100 | @a20090515d2007 ekmy0 y0120 ea | |
| 102 | @aCN@b130000 | |
| 102 | @aCN@b110000 | |
| 105 | @ay z 000yy | |
| 200 | 1 | @a优质生活@f张晓菲编著@Fzhang xiao fei bian zhu |
| 210 | @a北京@c中国华侨出版社@d2007.10 | |
| 215 | @a223页@d24cm | |
| 606 | 0 | @a人生观 |
| 690 | @aB821@v4 | |
| 701 | 0 | @a张晓菲@Azhang xiao fei@4编著 |
| 801 | 0 | @aCN@c20091017 |
| 905 | @a10447@dB821@eZ2102 | |
| 906 | @d30@n3@r1 | |
| 优质生活/张晓菲编著.-北京:中国华侨出版社,2007.10 |
| 223页;24cm |
| ISBN 978-7-80222-434-6:CNY29.80 |
| ● |
| 相关链接 |
|
|
|
正题名:优质生活
索取号:B821/Z2102
 
预约/预借
| 序号 | 登录号 | 条形码 | 馆藏地/架位号 | 状态 | 备注 |
| 1 | 659651 | 206596511 | 社科库509/509社科库 24排1列4层/ [索取号:B821/Z2102] | 在馆 | |
| 2 | 659652 | 206596520 | 社科库509/509社科库 24排1列4层/ [索取号:B821/Z2102] | 在馆 | |
| 3 | 659653 | 206596539 | 社科库509/509社科库 24排1列4层/ [索取号:B821/Z2102] | 在馆 |